Eradication of cervical cancer in Latin America /
שמור ב:
| מחבר ראשי: | |
|---|---|
| פורמט: | ספר |
| שפה: | English |
| תגים: |
הוספת תג
אין תגיות, היה/י הראשונ/ה לתייג את הרשומה!
|
MARC
| LEADER | 00000nam a22000007a 4500 | ||
|---|---|---|---|
| 003 | cru CIDCACS/IIS | ||
| 005 | 20200925161351.0 | ||
| 007 | ta | ||
| 008 | 170511s2016 mx ||||| |||| 00| 0 eng d | ||
| 040 | |c CRAI/IIS |a CRAI/IIS | ||
| 100 | 1 | |9 4650 |a Bosch, F. Xavier | |
| 245 | 1 | |a Eradication of cervical cancer in Latin America / |c F. Xavier Bosch | |
| 300 | |a páginas 97-100 | ||
| 773 | 0 | |0 19284 |9 746 |a Instituto Nacional de Salud Pública (México) |d México: Instituto Nacional de Salud Pública |o R17847 |t Salud Pública de México / |x 00363634 | |
| 942 | |2 ddc |c PP | ||
| 999 | |c 19295 |d 19295 | ||
